| 000 | nam a22 a 4500 | ||
|---|---|---|---|
| 999 |
_c418932 _d418932 |
||
| 003 | BLK | ||
| 005 | 20210610061755.0 | ||
| 008 | 210526b bu |||||r|||| 00| | bu d | ||
| 040 | _aBLK | ||
| 041 |
_aRUS _cRUS |
||
| 080 |
_aПатологична анатомия. Хистопатология. Цитопатология (Общи въпроси) _b616-091 _z616-091 |
||
| 100 |
_91299 _aАбрикосов, Алексей Иванович _eпърви автор |
||
| 139 | _aАбрикосов, Алексей Иванович | ||
| 245 |
_aОсновы частной патологической анатомии _cА. И. Абрикосов |
||
| 250 | _a4 испр. изд. | ||
| 260 |
_aМосква, Ленинград _bМедгиз _c1950 |
||
| 300 |
_c27 см _a472 с. _bс ил. |
||
| 380 | _a61 | ||
| 501 | _aПредм. указатель: с. 462-468 | ||
| 650 | 0 |
_9314534 _aПатологична анатомия |
|
| 852 |
_aЦб 6.265.36307 _bО |
||
| 942 |
_cKNG _n0 _s1 |
||
| 944 |
_aCR _c2021-06-10 _kК.Д. |
||